Co znamená povinná implementace IFRS pro malé pojišťovny?

Nová verzia zákona o účtovníctve, ktorej uvažovaná platnosť je od 1. januára 2024, počíta s povinnou implementáciou IFRS pre všetky poisťovne ako účtovné jednotky verejného záujmu. Hoci návrh prináša veľa pozitívnych zmien, povinné zavedenie IFRS môže znamenať pre niektoré poisťovne závažný problém.

Salvato in:
Dettagli Bibliografici
Autore principale: Höfer, Jan
Natura: Capitolo di libro
Lingua:ceco
Soggetti:
Tags: Aggiungi Tag
Nessun Tag, puoi essere il primo ad aggiungerne!!

MARC

LEADER 00000naa a2200000 4500
001 0298173
005 20240417075259.5
041 0 |a cze 
044 |a CZ 
245 1 0 |a Co znamená povinná implementace IFRS pro malé pojišťovny?  |c Jan Höfer 
520 |a Nová verzia zákona o účtovníctve, ktorej uvažovaná platnosť je od 1. januára 2024, počíta s povinnou implementáciou IFRS pre všetky poisťovne ako účtovné jednotky verejného záujmu. Hoci návrh prináša veľa pozitívnych zmien, povinné zavedenie IFRS môže znamenať pre niektoré poisťovne závažný problém. 
610 2 0 |a štandardy účtovné medzinárodné 
610 2 0 |a poisťovníctvo 
610 2 0 |a poisťovne 
610 2 0 |a úpravy právne 
610 2 0 |a legislatíva 
610 2 0 |a zákony 
610 2 0 |a novelizácia 
610 2 0 |a Česko 
100 1 |a Höfer, Jan